00413nam a22001337a 4500003000400000082001600004100002300020245006700043260001900110300000700129942001400136952011200150999001700262SGT a617.3bC76C aCrelin, Edmund S.  aClinical SymposiabDevelopment of the Upper Respiratory System bC.I.B.A.c1976 a30 2ddccRARE 00102ddc405171aFDbFDd2025-11-06iSGTUl0o617.3 C76CpFD10148r2025-11-06 00:00:00w2025-11-06yRARE c33142d33142